| 000 | 01237nam0a2200349 i 4500 | ||
|---|---|---|---|
| 001 | RU\NLR\bibl\2062441 | ||
| 005 | 20241103083451.0 | ||
| 010 |
_a9785496003773 _94000 |
||
| 021 |
_aRU _b2013-55655 _93850 |
||
| 035 | _a(nilc)RuMoRGB-006611351 | ||
| 035 | _a(NLR Aleph) 002049114 | ||
| 090 |
_a4632893 _c4632893 |
||
| 100 | _a20130722d2013 u y0rusy50 ca | ||
| 101 | 0 | _arus | |
| 102 | _aRU | ||
| 105 | _ay zzzz||||| | ||
| 200 | 1 |
_aУниверсальный карманный справочник медицинских препаратов _fЕ. А. Ризо |
|
| 210 |
_aСанкт-Петербург _cПитер _d2013 |
||
| 215 |
_a607 с. _d14 |
||
| 225 | 1 | _aСемейный доктор | |
| 300 | _aНа обл. авт. не указан | ||
| 333 | _a18+ | ||
| 606 |
_aФармацевтические препараты _jСправочники _9902863 _3RU\NLR\auth\668494 |
||
| 686 | _aР281я2 | ||
| 700 | 1 |
_aРизо _bЕ. А. _gЕлена Александровна _4070 |
|
| 801 | 0 |
_aRU _bRuMoRKP _c20130722 _gRCR |
|
| 801 | 2 |
_aRU _bРГБ _c20130730 _grcr |
|
| 801 | 1 |
_aRU _bRuMoRKP _c20130722 _2rusmarc |
|
| 801 | 2 |
_aRU _bNLR _c20130813 _grcr |
|
| 942 | _cBOOK | ||
| 980 | _aNBR | ||